000 00252nam a2200097Ia 4500
001 967751
005 20250826220330.0
008 250824s9999 xx 000 0 und d
245 0 _aKUZULAR VADİSİ
_cÜSTÜN DÖKMEN
260 _bREMZİ KİTABEVİ YAYINLARI
999 _c967751
_d967751